书目信息 |
| 题名: |
全国英语等级考试实用教程
|
|
| 作者: | 李庆生 , 李庆生总 总主编 ;胡刚 主编 | |
| 分册: | 3 | |
| 出版信息: | 武汉 武汉大学出版社 2004.10 |
|
| 页数: | 250页 | |
| 开本: | 20cm | |
| 丛书名: | ||
| 单 册: | ||
| 中图分类: | H310.42 | |
| 科图分类: | ||
| 主题词: | 英语--水平考试--自学参考资料 | |
| 电子资源: | ||
| ISBN: | 7-307-04223-1 | |
| 000 | 01149nam0 2200265 450 | |
| 001 | 192004004260 | |
| 005 | 20070914153416.26 | |
| 010 | @a7-307-04223-1@dCNY11.50 | |
| 100 | @a20070602d2004 ekmy0chiy0121 ea | |
| 101 | 0 | @achi@aeng |
| 102 | @aCN@b420000 | |
| 105 | @ay z 000yy | |
| 200 | 1 | @a全国英语等级考试实用教程@Aquan guo ying yu deng ji kao shi shi yong jiao cheng@d= A Practical Coursebook for Public English Test System(PETS)@h3@hLevel 3@f李庆生总主编@Fli qing sheng zong zhu bian@g主编胡刚@zeng |
| 210 | @a武汉@c武汉大学出版社@d2004.10 | |
| 215 | @a250页@d20cm | |
| 300 | @a并列题名:Practical Coursebook for Public English Test System(PETS) | |
| 330 | @a本册是一个过渡的阶段, 共有15个单元, 编排上有课文、单词和短语、注释、练习等基本内容, 语言素材涉及文化教育、科学技术、经济、社会等各方面。 | |
| 510 | 1 | @aPractical Coursebook for Public English Test System(PETS)@hLevel 3@zeng |
| 606 | 0 | @a英语@x水平考试@j自学参考资料 |
| 690 | @aH310.42@v4 | |
| 701 | 0 | @a李庆生@Ali qing sheng@4总主编 |
| 701 | 0 | @a李庆生总@Ali qing sheng zong@4主编 |
| 702 | 0 | @a胡刚@Ahu gang@4主编 |
| 801 | 0 | @aCN@c20070914 |
| 905 | @dH310.42@eL236:3 | |
| 全国英语等级考试实用教程= A Practical Coursebook for Public English Test System(PETS).3.Level 3/李庆生总主编/主编胡刚.-武汉:武汉大学出版社,2004.10 |
| 250页;20cm |
| 并列题名:Practical Coursebook for Public English Test System(PETS) |
| ISBN 7-307-04223-1:CNY11.50 |
| 本册是一个过渡的阶段, 共有15个单元, 编排上有课文、单词和短语、注释、练习等基本内容, 语言素材涉及文化教育、科学技术、经济、社会等各方面。 |
| ● |
| 相关链接 |
|
|
|
正题名:全国英语等级考试实用教程
索取号:H310.42/L236:3
 
预约/预借
| 序号 | 登录号 | 条形码 | 馆藏地/架位号 | 状态 | 备注 |
| 1 | 625949 | 206259494 | 语言库209/209语言库 96排4列2层/ [索取号:H310.42/L236:3] | 在馆 | |
| 2 | 625950 | 206259500 | 语言库209/209语言库 96排4列2层/ [索取号:H310.42/L236:3] | 在馆 | |
| 3 | 625951 | 206259519 | 语言库209/209语言库 96排4列2层/ [索取号:H310.42/L236:3] | 在馆 |